<?xml version='1.0' encoding='UTF-8'?>
  <record xmlns="http://www.loc.gov/MARC21/slim">
    <leader>00000ctc a22000005i 4500</leader>
    <controlfield tag="001">on1388323311</controlfield>
    <controlfield tag="003">OCoLC</controlfield>
    <controlfield tag="005">20231213210205.5</controlfield>
    <controlfield tag="008">230630b        ua            000 0 grc d</controlfield>
    <datafield tag="040" ind1=" " ind2=" ">
      <subfield code="a">QGJ</subfield>
      <subfield code="b">eng</subfield>
      <subfield code="e">rda</subfield>
      <subfield code="e">amremm</subfield>
      <subfield code="c">QGJ</subfield>
      <subfield code="d">QGJ</subfield>
      <subfield code="d">OCLCL</subfield>
    </datafield>
    <datafield tag="035" ind1=" " ind2=" ">
      <subfield code="a">(OCoLC)1388323311</subfield>
    </datafield>
    <datafield tag="046" ind1=" " ind2=" ">
      <subfield code="a">q</subfield>
      <subfield code="b">200</subfield>
      <subfield code="e">400</subfield>
    </datafield>
    <datafield tag="245" ind1="0" ind2="0">
      <subfield code="a">Collection of Demotic and Greek manuscripts.</subfield>
      <subfield code="f">UBU Hs. Collection Demotic and Greek</subfield>
    </datafield>
    <datafield tag="246" ind1="3" ind2=" ">
      <subfield code="a">Schmidt Collection.</subfield>
      <subfield code="f">UBU Hs. Collection Demotic and Greek</subfield>
    </datafield>
    <datafield tag="264" ind1=" " ind2="0">
      <subfield code="a">[Egypt],</subfield>
      <subfield code="c">[between approximately 200 B.C. and 400 A.D.]</subfield>
    </datafield>
    <datafield tag="336" ind1=" " ind2=" ">
      <subfield code="a">text</subfield>
      <subfield code="b">txt</subfield>
      <subfield code="2">rdacontent</subfield>
    </datafield>
    <datafield tag="337" ind1=" " ind2=" ">
      <subfield code="a">unmediated</subfield>
      <subfield code="b">n</subfield>
      <subfield code="2">rdamedia</subfield>
    </datafield>
    <datafield tag="338" ind1=" " ind2=" ">
      <subfield code="a">sheet</subfield>
      <subfield code="b">nb</subfield>
      <subfield code="2">rdacarrier</subfield>
    </datafield>
    <datafield tag="340" ind1=" " ind2=" ">
      <subfield code="a">papyrus</subfield>
    </datafield>
    <datafield tag="500" ind1=" " ind2=" ">
      <subfield code="a">Preliminary title.</subfield>
    </datafield>
    <datafield tag="500" ind1=" " ind2=" ">
      <subfield code="a">Also known as Schmidt Collection.</subfield>
    </datafield>
    <datafield tag="500" ind1=" " ind2=" ">
      <subfield code="a">Dating between approximately 200 B.C. and 400 A.D.</subfield>
    </datafield>
    <datafield tag="520" ind1="2" ind2=" ">
      <subfield code="a">Fragments of a great number of fragments of Demotic and some Greek documents on papyrus. The collection contains also one Greek fragmentary text on parchment (B6.39)</subfield>
    </datafield>
    <datafield tag="524" ind1="8" ind2=" ">
      <subfield code="a">Cite as: Universiteitsbibliotheek Utrecht Hs. Collection Demotic and Greek</subfield>
    </datafield>
    <datafield tag="541" ind1=" " ind2=" ">
      <subfield code="a">Estate Prof. Carl Schmidt;</subfield>
      <subfield code="c">Purchase;</subfield>
      <subfield code="d">19560107.</subfield>
    </datafield>
    <datafield tag="561" ind1=" " ind2=" ">
      <subfield code="a">Acquired on 7 January 1956 from the estate of the German Coptologist Prof. Carl Schmidt (1868-1938). The collection was bought by Prof. Gilles Quispel (1916-2006) from Mrs. Dr. G. Kunta-Schmidt, a niece of Prof. Carl Schmidt, on behalf of Utrecht University Library.</subfield>
    </datafield>
    <datafield tag="581" ind1=" " ind2=" ">
      <subfield code="a">Roelof van den Broek, Catalogue of the Coptic Manuscripts in the Utrecht University Library, Utrecht, 2017.</subfield>
    </datafield>
    <datafield tag="700" ind1="1" ind2=" ">
      <subfield code="a">Schmidt, Carl,</subfield>
      <subfield code="d">1868-1938,</subfield>
      <subfield code="e">former owner.</subfield>
      <subfield code="1">https://id.oclc.org/worldcat/entity/E39PBJdWTqQVrh7dQJbyG9VKVC</subfield>
    </datafield>
    <datafield tag="700" ind1="1" ind2=" ">
      <subfield code="a">Kunta-Schmidt, G.,</subfield>
      <subfield code="e">former owner.</subfield>
    </datafield>
  </record>